Fishing on Orfű zenei fesztivál hozzájárulása a térség ismertségéhez és turizmusához
| Szerző: | |
|---|---|
| További közreműködők: | |
| Dokumentumtípus: | Diplomadolgozat |
| Kulcsszavak: | Régió, Dél-Dunántúl Turizmus, Orfű Fesztivál, Fishing on Orfű Elemzés |
| Online Access: | http://dolgozattar.uni-bge.hu/59312 |
MARC
| LEADER | 00000nta a2200000 i 4500 | ||
|---|---|---|---|
| 001 | dolg59312 | ||
| 005 | 20260109131757.0 | ||
| 008 | 260108suuuu hu om 000 hun d | ||
| 040 | |a BGE Dolgozattár Repozitórium |b hun | ||
| 041 | |a hu | ||
| 100 | 1 | |a Ligeti Márk | |
| 245 | 1 | 0 | |a Fishing on Orfű zenei fesztivál hozzájárulása a térség ismertségéhez és turizmusához |c Ligeti Márk |h [elektronikus dokumentum] |
| 695 | |a Régió, Dél-Dunántúl | ||
| 695 | |a Turizmus, Orfű | ||
| 695 | |a Fesztivál, Fishing on Orfű | ||
| 695 | |a Elemzés | ||
| 700 | 1 | |a Jusztin Dr. Márta |e ths | |
| 856 | 4 | 0 | |u http://dolgozattar.uni-bge.hu/59312/2/Ligeti-Mark.pdf |z Dokumentum-elérés |